000 00390nam a2200133Ia 4500
005 20260328104247.0
008 260328s9999||||xx |||||||||||||| ||und||
100 _aCasabella L, Xosé Manuel
245 0 _aArte e cidade :
_b unha Mirada sobre outras actiVidades Creativas /
_cXosé Manuel Casabella L
260 _bUniversidad de Coruña
300 _a127 p.
650 _aARTE
942 _cBK
999 _c10103
_d10103